000 01300nam a22002417a 4500
999 _c62425
_d62425
003 Ge_BSU
005 20241030161955.0
008 241030s2023 ge ||||| |||| 00| 0 geo d
020 _a9789941850547
041 _ageo
080 _a159.942.4 ე-62
245 _aემოციები :
_b[კრებული] /
_cმთავარი რედაქტორი მარიამ შუბლაძე; რედაქტორი ლანა ჭელიძე; დიზაინერი დარია ცინცაძე.
264 _aთბილისი :
_bაზროვნების აკადემის გამომცემლობა,
_c2023.
300 _a270 გვ. ;
_b20 სმ.
490 _aაზროვნების აკადემია
653 _aემოციები
653 _aფსიქოლოგია
700 _aსაყვარელიძე, რამაზ
_eავტორი
_92792
700 _aშუბლაძე, მარიამ
_eმთავარი რედაქტორი
_923556
700 _aჭელიძე, ლანა
_eრედაქტორი
_923557
700 _aცინცაძე, დარია
_eდიზაინერი
_921149
942 _2udc
_cᲬᲘᲒᲜᲘ